000 00495nam a2200181Ia 4500
005 20250508152514.0
008 008 250505s9999 xx 000 0 hin d
037 _aTextual
040 _aFEDL
_beng
_cFEDL
041 _ahin
_2eng
084 _aFH, BHA
_qFEDL
100 _aBhatt Vishambharnath
_9761645
245 0 _aSaras kahaniya sangrah
260 _aNew Delhi, India
_bHindi Pushtak Bhandar
_c1955
300 _a98p.
942 _cTEXL
_hFH, BHA
999 _c1336867
_d1336867